COMPUTER LOGIC ,A LABORATORY WORKBOOK (Record no. 567885)
[ view plain ]
| 000 -LEADER | |
|---|---|
| fixed length control field | 00278nam a22001097a 4500 |
| 082 ## - DEWEY DECIMAL CLASSIFICATION NUMBER | |
| Classification number | 621.395 MAL'C |
| 100 ## - MAIN ENTRY--PERSONAL NAME | |
| Personal name | ENKE, C. G ,MALMSTADT, H. V |
| 9 (RLIN) | 57617 |
| 245 ## - TITLE STATEMENT | |
| Title | COMPUTER LOGIC ,A LABORATORY WORKBOOK |
| 260 ## - PUBLICATION, DISTRIBUTION, ETC. | |
| Place of publication, distribution, etc. | NEWYORK |
| Name of publisher, distributor, etc. | W. A. BENJAMIN |
| Date of publication, distribution, etc. | 1970 |
| 300 ## - PHYSICAL DESCRIPTION | |
| Extent | 167P |
| 942 ## - ADDED ENTRY ELEMENTS (KOHA) | |
| Koha item type | Book |
| Withdrawn status | Lost status | Damaged status | Not for loan | Permanent Location | Current Location | Shelving location | Date acquired | Total Checkouts | Full call number | Barcode | Date last seen | Price effective from | Koha item type |
|---|---|---|---|---|---|---|---|---|---|---|---|---|---|
| College of Electrical & Mechanical Engineering (CEME) | College of Electrical & Mechanical Engineering (CEME) | General Stacks | 07/13/2017 | 621.395 MAL'C | CEME25010 | 06/28/2021 | 06/28/2021 | Book |
